LEADER 02288nam 2200673 450 001 9910136776903321 005 20200520144314.0 010 $a1-118-56155-4 010 $a1-118-56153-8 010 $a1-118-56136-8 035 $a(CKB)3710000000635567 035 $a(EBL)4462504 035 $a(SSID)ssj0001639584 035 $a(PQKBManifestationID)16399263 035 $a(PQKBTitleCode)TC0001639584 035 $a(PQKBWorkID)14902130 035 $a(PQKB)10136411 035 $a(PQKBManifestationID)16327693 035 $a(PQKBWorkID)14902276 035 $a(PQKB)22792474 035 $a(MiAaPQ)EBC4462504 035 $a(DLC) 2016005795 035 $a(Au-PeEL)EBL4462504 035 $a(CaPaEBR)ebr11189902 035 $a(CaONFJC)MIL909466 035 $a(OCoLC)937062372 035 $a(PPN)250839687 035 $a(EXLCZ)993710000000635567 100 $a20160105d2016 uy| 0 101 0 $aeng 135 $aur|n|---||||| 181 $ctxt 182 $cc 183 $acr 200 10$aCetacean palaeobiology /$fFelix G. Marx, Olivier Lambert and Mark D. Uhen 210 1$aChichester, UK ;$aHoboken, NJ :$cJohn Wiley & Sons,$d2016. 215 $a1 online resource (508 p.) 225 1 $aTOPA Topics in Paleobiology 300 $aDescription based upon print version of record. 311 $a1-118-56154-6 311 $a1-118-56127-9 320 $aIncludes bibliographical references and index. 327 $aCetaceans past and present -- The cetacean fossil record -- Morphology -- Phylogeny -- Major steps in the evolution of cetaceans -- Fossil evidence of cetacean biology -- Macroevolutionary patterns -- Palaeontological insights into evolution and development -- Living cetaceans in an evolutionary context. 410 0$aTOPA Topics in Paleobiology 606 $aCetacea, Fossil 606 $aEvolutionary paleobiology 615 0$aCetacea, Fossil. 615 0$aEvolutionary paleobiology. 676 $a569/.5 700 $aMarx$b Felix G.$0969523 702 $aLambert$b Olivier$c(Paleontologist), 702 $aUhen$b Mark D. 801 0$bMiAaPQ 801 1$bMiAaPQ 801 2$bMiAaPQ 906 $aBOOK 912 $a9910136776903321 996 $aCetacean palaeobiology$92203204 997 $aUNINA LEADER 05428nam 2200613 450 001 9910794814403321 005 20230809233938.0 010 $a3-11-052468-6 010 $a3-11-052475-9 024 7 $a10.1515/9783110524758 035 $a(CKB)4340000000191242 035 $a(MiAaPQ)EBC4915775 035 $a(DE-B1597)474449 035 $a(OCoLC)999367572 035 $a(DE-B1597)9783110524758 035 $a(Au-PeEL)EBL4915775 035 $a(CaPaEBR)ebr11412753 035 $a(OCoLC)994389365 035 $a(EXLCZ)994340000000191242 100 $a20170811h20172017 uy 0 101 0 $ager 135 $aurcnu|||||||| 181 $2rdacontent 182 $2rdamedia 183 $2rdacarrier 200 00$aSprachgeschichte und Medizingeschichte $eTexte, Termini, Interpretationen /$fherausgegeben von by Jo?rg Riecke 210 1$aBerlin, [Germany] ;$aBoston, [Massachusetts] :$cDe Gruyter,$d2017. 210 4$d©2017 215 $a1 online resource (308 pages) 225 1 $aLingua Historica Germanica,$x2363-7951 ;$vBand 16 311 $a3-11-051728-0 320 $aIncludes bibliographical references and index. 327 $tFrontmatter -- $tInhalt -- $tZur Einleitung / $rRiecke, Jörg -- $tDie deutsche Medizinliteratur des Mittelalters. Vorüberlegungen zu einer historischen Darstellung / $rSchnell, Bernhard -- $tDie Leges barbarorum als Quelle der Medizingeschichte? / $rStricker, Stefanie / Kremer, Annette / Schwab, Vincenz -- $tMedizinisches im Handschriftencensus - Zugänge, Fragestellungen, Hilfsmittel, Optionen, Zukunftsprojektionen / $rWolf, Jürgen -- $tKrankheitsbezeichnungen in der Chirurgia des Juden von Salms / $rVanková, Lenka -- $tKonrad von Megenberg: Das Buch der Natur. Zu einer Handschrift aus Prag. / $rVodrá?ková, Lenka -- $tDie deutsche medizinische Fachsprache des Mittelalters am Beispiel des Arzneibuchs Ortolfs von Baierland (um 1300) / $rRiha, Ortrun -- $tMedizinische Fachtermini im Arzneibuch von Cgm 415 der Bayerischen Staatsbibliothek in München / $rAdamson, Melitta Weiss -- $tEin Gebet wider die plag der malefrantzoß / $rChlench-Priber, Kathrin -- $tMedizinisches im Frühneuhochdeutschen Wörterbuch (FWB) / $rLobenstein-Reichmann, Anja -- $tMateria medica als Problem. Sprachdiskussion und Lexikographie im Paracelsismus / $rKühlmann, Wilhelm -- $tFachterminologie und Übersetzungsstil im Leipziger Drogenkompendium und im Gart der Gesundheit, den größten deutschsprachigen Kräuterbüchern des 15. Jahrhunderts / $rMayer, Johannes Gottfried -- $tDie sprachlichen Muster von Anweisungen in ungarischen medizinischen Rezepten des 16.-17. Jahrhunderts / $rKuna, Ágnes -- $tMedizinisches Wissen in einem populärwissenschaftlichen Buch über den Kaffee aus dem Jahr 1686 / $rWiktorowicz, Józef -- $tDas hundertjährige Alter. Medizinische Ratgeber aus dem 18. Jahrhundert / $rHünecke, Rainer -- $tIn arte medica & chirurgica gegrndet - Medizinische Berichte des 18. Jahrhunderts in Handschrift und Druck / $rLindner, Bettina -- $tMedizinische Sprache in historischer Werbung / $rMeier, Jörg -- $tEin digitales Wörterbuch-System zur älteren Medizin. Textkorpus, Darstellungsformen, Kollaborationsformate / $rGloning, Thomas -- $tVerzeichnis der Autorinnen und Autoren 330 $aEine Bestandsaufnahme unseres Wissens über mittelalterliche und neuzeitliche medizinische Texte und ihre Fachtermini und deren Bedeutungen steht bis heute aus. Dabei sind medizinische Texte des Mittelalters und der Frühen Neuzeit eine wichtige Quelle, um zum einen das Schreiben über den Körper, seine Krankheiten und seine Heilung in verschiedenen Phasen der deutschen und europäischen Sprach- und Kulturgeschichte im Hinblick auf die Vergangenheit zu beleuchten. Zum anderen erlaubt die systematische Erforschung der medizinischen Textlandschaft einen Bezug zur Gegenwart, indem historisch-medizinische Konzepte und ihre Versprachlichung mit heutigen Sichtweisen und Fachbegriffen verglichen werden. Die Beiträge des Sammelbandes geben Impulse für die historische und internationale Fachsprachenforschung. Dabei wird vor allem auch die Digitalisierung der Quellengrundlage thematisiert, um diese für die qualitative und quantitative Forschung zugänglich zu machen. Der Sammelband regt an zum Dialog zwischen Medizin, Geschichts- und Sprachwissenschaft. 330 $aMedieval and early modern medical treatises are a major source for understanding how people wrote about the body, illness, and healing during different phases of European linguistic and cultural history. Research on the landscape of older medical works also relates to the present, by developing historical comparisons between historical medical concepts and their expression and today's perspectives and terminology. 410 0$aLingua historica Germanica ;$vBand 16. 606 $aMedicine$zGermany$xHistory$yTo 1500 606 $aMedical writing$xHistory$yTo 1500 610 $aHistory of Medicine. 610 $aScientific Language. 610 $aScientific Prose. 610 $aTechnical Texts. 615 0$aMedicine$xHistory 615 0$aMedical writing$xHistory 676 $a610.943 686 $aGD 8955$2rvk 702 $aRiecke$b Jo?rg 801 0$bMiAaPQ 801 1$bMiAaPQ 801 2$bMiAaPQ 906 $aBOOK 912 $a9910794814403321 996 $aSprachgeschichte und Medizingeschichte$93711535 997 $aUNINA LEADER 04254oam 2200721zu 450 001 9910140139603321 005 20250709215643.0 010 $a9782709917780 010 $a2709917785 024 7 $a10.4000/books.irdeditions.4974 035 $a(CKB)2560000000351852 035 $a(SSID)ssj0001541996 035 $a(PQKBManifestationID)11897612 035 $a(PQKBTitleCode)TC0001541996 035 $a(PQKBWorkID)11535505 035 $a(PQKB)10487633 035 $a(WaSeSS)IndRDA00045465 035 $a(FrMaCLE)OB-irdeditions-4974 035 $a(oapen)https://directory.doabooks.org/handle/20.500.12854/58539 035 $a(PPN)26794926X 035 $a(FR-PaCSA)88876561 035 $a(FRCYB88876561)88876561 035 $a(oapen)doab58539 035 $a(EXLCZ)992560000000351852 100 $a20160829d1999 uy 101 0 $afre 135 $aur||||||||||| 181 $ctxt 182 $cc 183 $acr 200 10$aRivières du Sud. sociétés et mangroves ouest-africaines / Volume 1 210 $cIRD Éditions$d1999 210 31$a[Place of publication not identified]$cIRD Éditions$d1999 215 $a1 online resource (416 pages) 225 1 $aExpertise colle?giale 300 $aBibliographic Level Mode of Issuance: Monograph 311 08$a9782709914260 311 08$a2709914263 320 $aIncludes bibliographical references and index. 330 $aLes mangroves sont bien plus que des palétuviers. Forêts dans la mer, ou encore marais maritimes convertis en rizières, elles constituent l'un des paysages les plus originaux des littoraux intertropicaux. Dès leur découverte par les navigateurs portugais, elles suscitent des discours contradictoires et sont l'objet d'enjeux multiples et souvent conflictuels entre « conservationnistes » et « productivistes ». Cette synthèse régionale dresse un état des connaissances sur la mangrove, met en évidence les interactions variées entre les sociétés et leur environnement littoral, explicite la spécificité des « Rivières du Sud », littoraux à mangrove compris entre le Sénégal et la Sierra Leone. Elle réunit un ensemble d'informations originales (volume 1) et un recueil bibliographique de plus de 3 000 références (volume 2), et constitue un outil indispensable pour les acteurs, scientifiques comme décideurs, concernés par la gestion des littoraux ouest-africains. Par un dialogue entre sciences de la nature et de la société, cet ouvrage ouvre des perspectives conceptuelles et méthodologiques et contribue ainsi à la réflexion plus générale sur les rapports entre environnement et développement, sciences et société. Mangroves are much more than just mangles. Forests in the sea or sea marshes converted into rice fields, they form one of the most original coastal landscape types in the tropics. Since their discovery by Portuguese navigators, they have generated contradictory statements and have been the centre of many issues often leading to contention between 'conservationists' and those in favour of 'productivity'. This regional synthesis reviews the state of knowledge on mangrove, shows the varied interactions between societies and their coastal environment and explains the specific features of the 'Rivières du Sud' (southern rivers), the coastal mangrove areas from Senegal to Sierra Leone. It consists of a set of original information (Volume 1) and a bibliography of more? 410 0$aExpertise colle?giale. 606 $aEarth & Environmental Sciences$2HILCC 606 $aEcology$2HILCC 610 $aécosystème 610 $aécologie 610 $apêche artisanale 610 $aéconomie régionale 610 $asystème de production 610 $acours d?eau 610 $ahydrologie 610 $amangrove 610 $acommerce 610 $asociologie rurale 610 $ariziculture 615 7$aEarth & Environmental Sciences 615 7$aEcology 700 $aMarie-Christine Cormier Salem$4auth$01355928 702 $aCormier-Salem$b Marie-Christine 801 0$bPQKB 906 $aBOOK 912 $a9910140139603321 996 $aRivières du Sud. sociétés et mangroves ouest-africaines$93360037 997 $aUNINA